[Event "African Online-ch Open 2021"]
[Site "Online"]
[Date "2021.02.01"]
[Round "4.9"]
[White "Likoko, Elvis"]
[Black "Miguel, Sergio"]
[Result "0-1"]
[WhiteElo "1646"]
[BlackElo "2377"]
[Annotator "TA"]
[PlyCount "110"]
[EventDate "2021.02.01"]
[EventType "swiss"]
[EventCountry "NET"]
[SourceTitle "playchess.com"]
[Source "ChessBase"]
[SourceQuality "1"]

{[%evp 11,109,0,17,0,4,-14,-12,-35,-21,-45,-14,-46,0,0,0,-8,-7,-8,0,-22,0,-10,-8,-114,-105,-90,-73,-150,-150,-174,-98,-101,-74,-95,-23,-105,-96,-126,-122,-140,-126,-135,-124,-117,-117,-133,-142,-121,-70,-62,-55,-241,-241,-241,-195,-195,-195,-243,-243,-351,-351,-351,-351,-351,-351,-350,-329,-322,-294,-391,-384,-513,-506,-490,-490,-468,-449,-703,-725,-827,-820,-820,-819,-804,-702,-1041,-976,-1294,-1234,-29977,-29978,-29991,-29992,-29992,-29993,-29993,-29992,-29992,-29990,-29999]} 1. Nf3 Nf6 2. g3 d5 3. Bg2 Bg4 4. c4 c6 5. O-O Nbd7 6. d3 e6 7. Bf4 {A11: English Opening: 1...c6.} Be7 8. Nc3 O-O {[#]} 9. Rb1 $146 {The position is equal.} ({Predecessor:} 9. h3 Bh5 10. cxd5 exd5 11. a3 a5 12. Rb1 Nc5 13. Nd4 Ne6 14. Nxe6 fxe6 15. b4 axb4 16. axb4 {0-1 (44) Muratovic,E (2389)-Tomas,A (2102) Bosnjaci 2019}) 9... a5 10. a3 Qb6 (10... d4 $5 11. Na4 Bxf3 12. Bxf3 b5 13. Bxc6 {[%mdl 64] Double Attack} bxa4 14. Bxa8 Qxa8 $15) 11. Qc2 Qa6 12. cxd5 cxd5 13. Qb3 Rfc8 14. Rfc1 a4 15. Qd1 Bxf3 16. Bxf3 Nc5 17. Qf1 (17. Na2 $11) 17... Nb3 $17 18. Rd1 {[#]} Bxa3 $1 {[%mdl 512]} 19. Nxd5 (19. Nxa4 $142 Bd6 20. Bxd6) (19. bxa3 Rxc3) 19... Nxd5 20. bxa3 Nxf4 (20... Nc3 $19 21. Qg2 Ra7) 21. gxf4 Rc7 22. Qg2 {[#]} Rac8 (22... Qd6 $1 $17 23. d4 Qxa3) 23. h4 (23. d4 $11 {remains equal.}) 23... b5 24. h5 Qd6 25. h6 {[%csl Gh6][%cal Rg2g7]} g6 26. Qg5 Rc5 27. Qf6 {[%csl Gh6][%cal Rf6g7]} Qd4 28. Qxd4 Nxd4 29. Kg2 Nb3 (29... Rb8 $17 30. Rb2 Rc3) 30. d4 $15 Rc1 31. d5 $2 {This costs White the game.} ({White should try} 31. Rdxc1 $15 Rxc1 32. Rb2 (32. Rxc1 $2 Nxc1 33. Be4 f5 $19)) 31... Rxd1 $19 32. Rxd1 {[%mdl 4096] Endgame [#] Threatening dxe6. KRB-KRN} b4 $1 {[%cal Rb4a3][%mdl 512]} 33. dxe6 (33. axb4 a3) 33... fxe6 34. Bg4 Re8 35. axb4 (35. Bf3 $142 bxa3 36. Bc6) 35... a3 36. Bxe6+ Rxe6 {KRN-KR} 37. Rd8+ Kf7 38. Ra8 Nd4 {...Nb5 is the strong threat.} 39. Rxa3 Nxe2 40. Ra7+ Re7 41. Ra6 Nxf4+ 42. Kf3 Nd5 43. b5 Rb7 44. Rd6 (44. Ra5 $142) 44... Rxb5 45. Rd7+ Ne7 46. Rd8 Rh5 47. Kg4 Rxh6 48. f4 Rh1 49. Rd7 h5+ 50. Kg5 Rg1+ {Black mates.} 51. Kh6 h4 52. f5 gxf5 53. Rd4 Ng8+ 54. Kh5 Nf6+ 55. Kh6 Rg6# {Accuracy: White = 53%, Black = 79%.} 0-1

[Event "African Online-ch Open 2021"]
[Site "Online"]
[Date "2021.02.01"]
[Round "4.10"]
[White "Simpson, Michael M"]
[Black "Paiva, Donaldo"]
[Result "0-1"]
[WhiteElo "1995"]
[BlackElo "2230"]
[Annotator "TA"]
[PlyCount "90"]
[EventDate "2021.02.01"]
[EventType "swiss"]
[EventCountry "NET"]
[SourceTitle "playchess.com"]
[Source "ChessBase"]
[SourceQuality "1"]

{[%evp 9,90,20,10,-8,-7,-25,1,-3,4,-1,8,0,27,15,28,-20,-18,-110,63,72,56,94,75,30,66,18,72,75,71,65,99,111,109,92,90,70,77,35,65,67,54,46,64,64,58,0,0,-68,-36,-98,-106,-101,-2,-104,0,-83,-25,-137,-125,-395,-379,-489,-322,-737,-556,-548,-547,-544,-521,-535,-527,-520,-351,-803,-758,-1697,-1535,-3025,-2615,-29990,-29991,-29994,-2390]} 1. e4 c5 2. Nc3 d6 3. f4 g6 4. Nf3 Bg7 5. Bb5+ Bd7 6. Bc4 {B23: Closed Sicilian: Lines without g3.} Nc6 7. O-O Na5 8. Be2 {The position is equal.} Nf6 9. d3 O-O 10. Qe1 b5 {[%cal Bb7b5,Bb5b4][%mdl 32]} 11. Qh4 b4 {[#]} 12. Nb1 $146 ({Predecessor:} 12. Nd1 Rc8 13. Nf2 e6 14. f5 exf5 15. Bg5 Re8 16. Rae1 c4 17. exf5 Bxf5 18. dxc4 Bxc2 19. Nd4 Bf5 20. Nxf5 gxf5 21. Bd3 Rxe1 22. Rxe1 Rc5 23. b3 {½-½ (23) Srikanth,K (1967)-Saravanan,V (2423) Aurangabad 2011}) 12... e6 13. f5 (13. a3 $11) 13... Ne8 $2 ({Reject} 13... gxf5 $6 14. Bg5 $11) (13... exf5 $17 14. Bg5 fxe4 15. dxe4 h6 16. Bxh6 Nxe4 $1 {[%mdl 512]} 17. Qxd8 Raxd8 18. Bxg7 Kxg7) 14. Bg5 $14 f6 15. fxg6 hxg6 16. Bh6 e5 17. Nbd2 Be6 (17... Nc7 $1 $11) 18. Bxg7 Kxg7 19. Qg3 Rh8 20. Nh4 Rh6 21. Nf5+ Bxf5 22. exf5 g5 23. Nf3 Nc6 24. h4 {[%cal Rh4g5]} Nd4 25. Nxd4 cxd4 26. hxg5 fxg5 27. Bf3 (27. a3 $14) 27... Rc8 $11 28. Be4 (28. a3 $11) 28... Qf6 (28... Nf6 {is interesting.} 29. Qxg5+ Kh7 30. Bf3 Qe7 31. Rae1 Rg8) 29. Rac1 ({Better is} 29. a3 $1 $15) 29... Rc5 $17 30. Qf3 Nc7 (30... Qf7 $17 {White must now prevent ...Nf6.} 31. Qe2 Qh5 32. Qxh5 Rxh5) 31. Qg3 (31. Qe2 $1 $11 {keeps the balance.}) 31... Nb5 ({But not} 31... d5 $6 32. Bf3 $14) (31... Rh8 $17) 32. Bf3 {[#]} (32. Qf3 $11 {remains equal.}) 32... Rh4 (32... Rh8 $1 $17) 33. Bg4 (33. Qf2 $1 $11 {was the only way to keep the balance.}) 33... Nc7 {aiming for ...Nd5.} 34. Bh3 $2 {[%mdl 8192] White does not recover from this.} (34. Qf3 $17) 34... Nd5 $19 35. Rf2 Nf4 36. Bg4 $2 (36. Qf3 e4 37. dxe4) 36... Qh6 {[%csl Gh6][%cal Rh4h1]} 37. Bh3 Kf6 38. Rcf1 Nxh3+ 39. gxh3 Rxh3 40. Qg2 Qh5 41. b3 $2 (41. Re2) 41... g4 42. Re1 Qh4 {And now ...Rxc2! would win.} 43. Re4 Rg3 44. Kf1 Rxg2 45. Rxg2 Kxf5 {Weighted Error Value: White=0.94/Black=0.32} (45... Qh1+ $142 46. Rg1 Qf3+ {[%mdl 64] Double Attack} 47. Ke1 Rxc2 48. Rf1 Qg3+ 49. Kd1 Qxd3+ {[%mdl 64] Double Attack} 50. Ke1 Qd2#) 0-1

[Event "African Online-ch Open 2021"]
[Site "Online"]
[Date "2021.02.01"]
[Round "4.11"]
[White "Amdouni, Zoubaier"]
[Black "Njoroge Martin"]
[Result "1-0"]
[WhiteElo "2229"]
[BlackElo "1965"]
[Annotator "TA"]
[PlyCount "119"]
[EventDate "2021.02.01"]
[EventType "swiss"]
[EventCountry "NET"]
[SourceTitle "playchess.com"]
[Source "ChessBase"]
[SourceQuality "1"]

{[%evp 12,118,33,0,34,34,35,25,20,22,33,31,109,100,110,127,112,92,208,189,227,217,224,200,227,218,210,218,216,196,323,343,1220,1231,1226,1217,1159,1120,982,478,493,485,483,497,489,482,476,466,462,462,521,497,789,789,787,782,770,741,731,727,716,708,1027,1002,1002,931,1004,994,1209,1277,1415,1346,4977,4818,29981,29977,29987,29988,29988,7100,29989,29978,29986,29987,29987,29988,29988,29989,29989,29987,29989,29990,29990,29991,29989,29990,29991,29992,29993,29993,29993,29994,29995,29996,29996,29997,29998,29999,29999]} 1. e4 c5 2. Nf3 e6 3. d4 cxd4 4. Nxd4 a6 5. Bd3 Qc7 6. O-O Nf6 7. Kh1 b5 {B42: Sicilian: Kan Variation: 5 Bd3.} 8. a4 b4 9. a5 Bb7 {White has an edge.} 10. Qe2 {[#]} Bc5 $146 ({Predecessor:} 10... Nc6 11. Nxc6 Qxc6 12. f3 d6 13. Nd2 Be7 14. Nb3 O-O 15. Bd2 d5 16. e5 Nd7 {1-0 (29) Semenova,I (2207)-Postnikova,A (2067) Sukhumi 2006}) 11. Nb3 Bd6 (11... Be7 $14) 12. f4 {Black must now prevent e5.} e5 13. N1d2 {[%cal Bb1d2,Bd2c4,Bc4b6,Bb6d5][%mdl 32]} Nc6 14. Nc4 Be7 (14... O-O $16 {was worth a try.}) 15. Nb6 Rb8 16. Nd5 Nxd5 17. exd5 Nd4 18. Nxd4 (18. Qxe5 $6 Qxe5 19. fxe5 Nxb3 $16) 18... exd4 19. Re1 {[%csl Ge1][%cal Re2e7]} d6 20. Qe4 Bc8 (20... Kf8 {is a better defense.} 21. Qxd4 Bf6) 21. f5 $18 {Strongly threatening Bh6!} Kf8 $2 (21... f6 22. Bd2 Kf7) 22. f6 {[%mdl 64] [#] Deflection} gxf6 23. Bh6+ Ke8 24. Bg7 f5 25. Qxe7+ Qxe7 26. Rxe7+ ({Resist} 26. Bxh8 Be6 $18) 26... Kxe7 27. Re1+ ({Don't take} 27. Bxh8 f6 $18) 27... Be6 28. Bxh8 ({Less strong is} 28. dxe6 Rhe8 $18) 28... Rxh8 29. dxe6 fxe6 30. Bxa6 {[%mdl 4096] Endgame KRB-KR} e5 31. Bb7 b3 (31... Kd7 $142 32. Bd5 Kc7) 32. cxb3 Kd7 33. Rc1 d3 34. Kg1 d2 35. Rd1 Kc7 36. a6 Kb6 37. Rxd2 Rd8 38. Rd5 h6 39. Kf2 f4 40. Kf3 Rd7 41. Ke4 Rg7 42. Rxd6+ {[%mdl 64] [#] Double Attack} Kc7 43. Kxe5 Re7+ 44. Re6 Rd7 45. Kxf4 (45. Bc6 $142 Rd1 46. a7 Re1+ 47. Kf6 Ra1 48. Ba4 Rxa4 49. Re7+ Kd6 50. bxa4) 45... Rd2 46. Rxh6 {White mates.} Rxb2 47. Bd5 Rf2+ 48. Ke5 Re2+ 49. Be4 Ra2 50. a7 Rxa7 51. Rh7+ Kb6 52. Rxa7 Kxa7 53. h4 Kb6 54. h5 Ka7 55. h6 Kb6 56. h7 Ka7 57. h8=Q Kb6 58. Kd6 Ka7 59. Kc5 {[%csl Ge4][%cal Rh8a8]} Ka6 60. Qa8# {Weighted Error Value: White=0.22/Black=0.40} 1-0

[Event "African Online-ch Open 2021"]
[Site "Online"]
[Date "2021.02.01"]
[Round "4.12"]
[White "Oliveira, Luciano"]
[Black "Hamzaoui, Khalil"]
[Result "0-1"]
[WhiteElo "2115"]
[BlackElo "1883"]
[Annotator "TA"]
[PlyCount "80"]
[EventDate "2021.02.01"]
[EventType "swiss"]
[EventCountry "NET"]
[SourceTitle "playchess.com"]
[Source "ChessBase"]
[SourceQuality "1"]

{[%evp 10,80,42,42,53,42,94,42,41,42,52,46,37,32,45,37,45,30,33,34,29,29,27,-84,-90,-99,-97,-115,-101,-112,103,112,91,101,156,155,146,132,129,133,129,126,127,91,97,85,125,108,140,115,213,165,296,297,252,209,422,421,418,401,295,289,466,371,306,229,172,-29977,-29978,-29978,620,-6322,-898]} 1. d4 g6 2. e4 Bg7 3. Nc3 d5 4. exd5 Nf6 5. Bc4 Nbd7 6. Nf3 Nb6 {B06: Modern Defence.} 7. Bb3 a5 (7... O-O $14) 8. a4 (8. Na4 $1 $16) 8... O-O $14 {[%cal Rb6d5] White is slightly better.} 9. O-O Nbxd5 10. Nxd5 Nxd5 11. Re1 e6 12. Bg5 Qd6 13. Qd2 b6 {[#]} 14. c3 $146 ({Predecessor:} 14. Bh6 Bb7 15. Bxg7 Kxg7 16. Ne5 Rad8 17. Rad1 h6 18. c3 Ne7 19. Re3 Nf5 20. Rh3 {1-0 (67) Gunduz,U (2165)-Semiev,S (2290) Marmaris 2019}) 14... Bb7 15. Rad1 Rac8 16. Ne5 (16. Bh6 $11) 16... f6 $17 17. Nc4 Qc6 {Hoping for ...Nf4!} 18. Bh4 {[#]} Nxc3 $1 {[%csl Gb7][%cal Rc6g2][%mdl 576] Double Attack} 19. f3 {Nxa5 is the strong threat.} Nxd1 $2 {[#]} (19... Nd5 $1 $17 20. Ne3 Qd7 21. Nxd5 exd5) 20. Nxa5 $1 $16 bxa5 21. Rxe6 Qd5 22. Bxd5 Bxd5 23. Re1 Bb3 24. Rxd1 Bxd1 25. Qxd1 Rb8 26. Qc2 f5 27. Bf2 Kh8 28. h4 ({Not} 28. Qxc7 Rfc8 $11) 28... Rf7 29. b3 Rd7 (29... h5 $16) 30. Qc3 Rb4 (30... Rd5 $142 31. Qxc7 Rbd8) 31. Qc6 $18 {Qa8+ would kill now.} Rf7 32. Qd5 Rf8 (32... Kg8 33. Kh2 Bf8) 33. Qxa5 Rxb3 34. Qxc7 Ra3 35. d5 Rd3 $2 (35... Rxa4 {was called for.} 36. d6 Ra1+ 37. Kh2 Be5+ 38. f4 Bf6) 36. a5 {[%cal Ba4a5,Ba5a6][%mdl 32]} Rxd5 {With the idea ...Be5.} 37. a6 Be5 38. Qe7 $4 {[%mdl 8192]} (38. Qc2 $18) 38... Rd1+ 39. Be1 Rxe1+ 40. Kf2 {[%cal Re7f8] [#]} Bg3+ $1 {[%mdl 576] Discovered Attack. Quite a comeback for Black.  Weighted Error Value: White=0.42/Black=0.32} 0-1

[Event "African Online-ch Open 2021"]
[Site "Online"]
[Date "2021.02.01"]
[Round "4.13"]
[White "Simoes, Joao"]
[Black "Bongo Akanga Ndjila, Barthelemy"]
[Result "1-0"]
[WhiteElo "2228"]
[BlackElo "1803"]
[Annotator "TA"]
[PlyCount "117"]
[EventDate "2021.02.01"]
[EventType "swiss"]
[EventCountry "NET"]
[SourceTitle "playchess.com"]
[Source "ChessBase"]
[SourceQuality "1"]

{[%evp 9,117,55,73,70,95,100,107,76,116,112,107,104,110,106,112,107,120,66,93,98,172,144,193,184,181,154,384,401,495,481,625,609,730,545,862,860,860,859,820,748,1175,1206,1150,1095,1944,1829,1829,1491,29991,29992,29995,29996,29996,29994,29994,558,563,562,650,649,640,495,483,420,612,562,702,682,777,775,743,658,862,922,897,845,866,726,737,734,709,589,718,540,546,404,641,637,619,589,763,756,960,948,1143,1095,1675,1136,29952,6694,6079,6027,29981,29977,29989,29990,29990,29991,29991,29992]} 1. d4 Nf6 2. c4 b6 3. f3 Bb7 4. e4 d6 5. Nc3 c5 6. d5 {A50: Queen's Fianchetto Defence (1 d4 Nf6 2 c4 b6).} Nbd7 7. Nh3 g6 8. Bg5 {White is better.} Bg7 9. Qd2 h6 10. Be3 {[#]} g5 $146 ({Predecessor:} 10... a6 11. Nf2 b5 12. cxb5 Qa5 13. a4 h5 14. Ra3 O-O 15. Bh6 Rfc8 16. Bxg7 Kxg7 {1-0 (38) Horvath,J (2531)-De Santis,A (2324) Civitanova Marche 2012}) 11. Be2 Ne5 12. Nf2 Qd7 13. a3 ({White should play} 13. h4 $16) 13... Ng6 14. g3 O-O-O (14... Ba6 $16) 15. b4 $18 Kb8 16. O-O Nh5 17. Rab1 Nf6 $2 {This costs Black the game.} (17... Rhg8 $16) 18. a4 {[%cal Ba3a4,Ba4a5][%mdl 32]} e6 19. a5 exd5 20. cxd5 Rhe8 21. Bb5 Qc7 22. axb6 axb6 23. Bxe8 Ne5 {[#]} 24. Nd3 $1 Nc4 (24... Nxe8 25. Nxe5) 25. Qa2 Nxe3 {[#]} 26. Nb5 $1 Qe7 (26... Nxe8 27. Qa7+) 27. Qa7+ Kc8 28. Bc6 Nxf1 29. Ra1 Bxc6 30. Qxe7 {[%csl Gb5][%cal Re7c7]} Rd7 31. Nxd6+ Kb8 {[#]} 32. Qxd7 Bxd7 33. Rxf1 Kc7 34. bxc5 bxc5 35. Nc4 Bb5 36. Rc1 Bf8 (36... Nd7 $142 37. Kf2 Bd4+ 38. Ke2 h5) 37. Kf2 g4 38. Nde5 gxf3 39. Kxf3 Be8 40. g4 Nh7 41. h4 Be7 42. Kg3 f6 43. Nd3 Bb5 44. Ndb2 Nf8 45. Rd1 Bd8 46. d6+ Kd7 47. Kf4 Ne6+ (47... Ng6+ $142 48. Kg3 Nh8) 48. Kf5 Nd4+ 49. Kg6 Ke6 50. Kxh6 Nf3 51. h5 Ng5 52. Kg7 Bc6 53. Re1 Nxe4 54. h6 f5 55. gxf5+ Kxf5 56. Rf1+ {White mates.} Ke6 57. h7 Bf6+ {[#]} 58. Rxf6+ $1 {[%mdl 64] Promotion} Nxf6 59. h8=Q {Weighted Error Value: White=0.41/Black=0.71} 1-0

[Event "African Online-ch Open 2021"]
[Site "Online"]
[Date "2021.02.01"]
[Round "4.14"]
[White "Vermaak, Ashley Christopher"]
[Black "Mosutha, Thuso"]
[Result "0-1"]
[WhiteElo "1751"]
[BlackElo "2036"]
[Annotator "TA"]
[PlyCount "130"]
[EventDate "2021.02.01"]
[EventType "swiss"]
[EventCountry "NET"]
[SourceTitle "playchess.com"]
[Source "ChessBase"]
[SourceQuality "1"]

{[%evp 13,130,10,14,12,9,5,25,16,34,-10,35,16,87,-2,5,-30,34,53,65,16,193,172,214,84,58,67,246,15,128,-40,51,42,46,56,82,53,58,45,37,62,106,0,82,0,7,0,0,-420,-410,-394,-390,-562,-561,-502,-481,-480,-468,-464,-463,-550,-543,-530,-532,-531,-522,-703,-703,-693,-693,-692,-692,-692,-680,-652,-634,-619,-619,-612,-522,-2287,-658,-12835,-12835,-12837,-12837,-12836,-12835,-12839,-12839,-12839,-12840,-12841,-12841,-12847,-12840,-12841,-12841,-12841,-12842,-12841,-12842,-12843,-12843,-12843,-12843,-12845,-12846,-12846,-12847,-12847,-12847,-12848,-12847,-12847,-12847,-12848,-12849,-12849,-12850]} 1. d4 Nf6 2. c4 c6 3. Nc3 d5 4. e3 e6 5. Nf3 Nbd7 6. Be2 dxc4 7. a4 {is more profitable than 7.Bxc4 at the moment.} Bb4 8. Bxc4 {D45: Semi-Slav: 5 e3.} O-O 9. O-O Qe7 10. Qc2 {White has an edge.} e5 11. b3 h6 12. Bb2 {[#] Black should prevent dxe5.} e4 $146 (12... exd4 $1 $11 13. Nxd4 Ne5) ({Predecessor:} 12... exd4 13. exd4 Nb6 14. a5 Nxc4 15. bxc4 a6 16. Qb3 Bd6 17. Ba3 Bxa3 18. Qxa3 Qc7 {1-0 (28) Wesseln,K (2345)-Meyer,M Bremen 1999}) 13. Nd2 (13. Ne5 $16) 13... Re8 $11 14. Rae1 Bd6 (14... Nb6 $11) 15. f3 $14 exf3 16. Nxf3 (16. gxf3 Nb6 $11) 16... c5 $2 (16... Nb6 $11) 17. Nb5 $18 Bb8 18. Ba3 (18. dxc5 $1 $18 {has better winning chances. And now Nd6! would win.} Qe4 19. Qd2) 18... a6 $16 19. Nc3 {Strongly threatening e4.} Bd6 $2 ({Better is} 19... b5 $14 20. axb5 Bb7) 20. a5 $2 (20. e4 $1 $18 {[%cal Re4e5]} b5 21. axb5 cxd4 22. e5 $1 {[%mdl 64] Double Attack} Bxa3 23. exf6 {[%mdl 64] Pin}) 20... Qf8 (20... b5 $1 $11 {keeps the balance.} 21. axb6 Nxb6) 21. d5 $2 (21. Nh4 $1 $16 {[%cal Rh4g6] Hoping for Ng6.} b5 22. axb6 (22. Ng6 Bxh2+ 23. Kxh2 Qd6+ {[%mdl 64] Double Attack} 24. Nf4 bxc4 $17) 22... Nxb6 23. Rxf6 $1 (23. Ng6 Nxc4 24. Nxf8 Nxa3 $16) 23... Nxc4 24. bxc4 (24. Rxd6 $2 Nxa3 25. Qc1 Qxd6 $19) 24... gxf6 25. Nd5) 21... b5 (21... Qe7 $15) 22. axb6 $1 $14 Nxb6 23. e4 {Black must now prevent e5.} Nfd7 24. Bb2 Ne5 25. Na4 Nxa4 26. bxa4 Ra7 {[%cal Ba8a7,Ba7b7,Bb7b2][%mdl 32]} 27. a5 ({White should play} 27. Nxe5 $16 Bxe5 28. Bxe5 Rxe5 29. Rb1) 27... Qe7 (27... Nxc4 $11 {remains equal.} 28. Qxc4 Bd7) 28. Qc3 (28. Nxe5 $16 Bxe5 29. Qf2) 28... Qc7 $11 29. Kh1 Rb7 {...Rxb2! is the strong threat.} 30. Bxa6 $2 {[%mdl 8192] [#]} (30. Ba1 $11) 30... Rxb2 $1 $19 {[%mdl 576] Discovered Attack} 31. Bxc8 {[#]} Nxf3 $1 {[%mdl 64] Discovered Attack} 32. Rxf3 (32. Qxb2 $142 Nxe1 33. Bf5) 32... Be5 {Black is clearly winning.} 33. d6 Bxc3 34. dxc7 Bxe1 35. Bd7 Bxa5 36. g3 Rf8 ({Weaker is} 36... Rb1+ 37. Kg2 $17) 37. c8=Q Rxc8 38. Bxc8 {[%mdl 4096] Endgame KRB-KRB} c4 39. Ra3 {[#]} c3 $1 40. Rxa5 {KRB-KR} (40. Ra4 c2) 40... c2 {[%cal Rc2c1]} 41. Rc5 Rb1+ 42. Kg2 c1=Q 43. Rxc1 Rxc1 {KR-KB} 44. Bb7 Rc3 45. Bd5 Kf8 46. h4 Ke7 (46... h5 $142 47. Kf2 Ke7) 47. Kh3 h5 48. Bb7 g6 49. Bd5 Kf6 50. Kg2 Rc7 51. Kf3 Ke5 52. Ke3 f5 53. Kd3 Rd7 54. Ke3 Ra7 55. Bc6 Ra3+ 56. Kf2 fxe4 57. Be8 Rf3+ 58. Kg2 Rf6 59. g4 hxg4 60. Kg3 e3 {( -> ...e2)} 61. Bb5 Rf2 62. Bd3 Kf6 63. Bb5 Kg7 64. Bd7 Rf3+ 65. Kg2 e2 {Quite a comeback for Black.  Weighted Error Value: White=0.75/Black=0.41} 0-1

[Event "African Online-ch Open 2021"]
[Site "Online"]
[Date "2021.02.01"]
[Round "4.15"]
[White "Joelson, Ricardo"]
[Black "Meftahi, Houssem"]
[Result "1-0"]
[WhiteElo "2017"]
[BlackElo "2110"]
[Annotator "TA"]
[PlyCount "105"]
[EventDate "2021.02.01"]
[EventType "swiss"]
[EventCountry "NET"]
[SourceTitle "playchess.com"]
[Source "ChessBase"]
[SourceQuality "1"]

{[%evp 14,105,20,0,50,45,33,-8,10,10,12,13,-6,-31,43,40,51,17,27,24,33,30,43,0,27,20,129,-45,-47,-50,80,-46,147,108,106,71,63,-14,-27,-284,-282,-399,-388,-652,-564,-550,-537,-588,-577,-612,-168,-159,-89,-86,346,374,276,0,462,476,474,442,760,605,587,589,585,581,739,730,6254,6254,6222,6222,6222,6222,6222,6222,6222,6222,6222,6024,6283,979,5195,5169,5169,5126,6283,6220,5700,5069,4132,2329]} 1. Nf3 d5 2. d4 Nf6 3. g3 e6 4. Bg2 Be7 5. O-O O-O 6. c4 dxc4 7. Qc2 a6 8. Qxc4 Bd7 {E05: Open Catalan: 5 Nf3 Be7.} (8... b5 $5 {[%cal Rb5c4]} 9. Qc2 Bb7 $11) 9. Nc3 Bc6 10. Re1 b5 $1 {[%cal Rb5c4] The position is equal.} 11. Qb3 {[#]} Nbd7 $146 ({Predecessor:} 11... b4 12. Na4 Nbd7 13. Bg5 Bd5 14. Qc2 Be4 15. Qc4 Nb6 16. Nxb6 cxb6 17. Rac1 b5 {0-1 (40) Ling,B (2088)-Cagasik,P Moravia 2003}) 12. e4 b4 13. e5 Nd5 ({Black should play} 13... bxc3 $15 14. exf6 Nxf6) 14. Ne4 $14 Bb7 15. Qc2 h6 16. Nc5 Nxc5 17. dxc5 a5 18. Re4 a4 19. Rg4 h5 {[#]} (19... Kh8 $11) 20. Rd4 $2 (20. Ng5 $1 $16 {[%mdl 512]} Bxg5 21. Rxg5) 20... Ra5 $15 21. c6 Ba6 (21... Rc5 $15 22. Rc4 Rxc4 23. Qxc4 Nb6) 22. Bd2 (22. h4 $1 $16) 22... b3 $2 (22... a3 $1 $15 {stays ahead.}) 23. Qe4 (23. axb3 axb3 24. Qd1 Rxa1 $11) 23... Rc5 24. Rxa4 Bb5 25. Rd4 (25. Ra7 $14) 25... bxa2 $11 26. Bb4 $2 {[%mdl 8192] [#]} (26. b4 $11 Rxc6 27. Rxa2) 26... Nxb4 $1 $19 {[%mdl 512]} 27. Rxd8 (27. Rxb4 $142 Bxc6 28. Qe2) 27... Rxd8 28. Ne1 $2 (28. Bf1 Rcd5 29. Be2) 28... Rc4 29. Qf3 Rd2 30. Bf1 Bxc6 31. Qb3 {[#]} Re4 $2 (31... Bc5 $1 {[%csl Gd2][%cal Rc5f2][%mdl 512]} 32. Bxc4 Rxf2 33. Qxb4 (33. Nd3 Nxd3 34. Bd5 Bxd5 35. Qxd5 exd5 36. b4 Bd4 {[%mdl 64] Double Attack} 37. Rf1 Rd2+ 38. Kh1 Nf2+ 39. Kg1 Ng4+ {[%mdl 64] Double Attack, Discovered Attack} 40. Rf2 Rxf2 41. h4 a1=Q#) 33... Rg2+ {[%mdl 64] Zwischenzug} 34. Kf1 Rg1+ 35. Ke2 Bxb4 36. Bxa2 Bb5+ 37. Kf3 Rf1+ 38. Ke4 Bc6+ 39. Kd3 Rxe1 40. Rxe1 Bxe1) 32. Nf3 {[#]} Bd5 (32... Rxf2 $142 $1 {[%mdl 512]} 33. Kxf2 Bc5+ 34. Kg2 Re3 {[%mdl 64] Double Attack}) 33. Qa4 $17 {[#]} Rxb2 $2 {[%mdl 8192]} (33... Nc6 $1 $17 {and life is bright.} 34. Qxe4 Rd1 35. Qxd5 {[%mdl 64] Remove Defender} Rxd5 36. Rxa2 Nxe5 37. Ra8+ Kh7 38. Nxe5 Rxe5) 34. Qe8+ $18 {[%mdl 64] Double Attack} Kh7 35. Qxf7 $2 (35. Qxe7 $18 {aiming for Ng5+.} Rb1 {[#]} 36. Rxa2 $1 {[%mdl 512]} (36. Qxf7 Rxa1 37. Qxh5+ Kg8 $11) 36... Nxa2 37. Ng5+ Kh6 38. Nxe4 (38. Nxf7+ Kg6 $11) 38... Bxe4 39. Qxf7) 35... Rg4 $2 {[%mdl 8192]} (35... Nc6 $1 $11 {and Black stays safe.}) 36. Qxh5+ {White is clearly winning.} Kg8 37. Qxg4 {And now Qg6 would win.} Nc2 (37... Rb1 $142 38. Rxa2 Nxa2) 38. Rxa2 Rxa2 39. h4 Ra1 40. Qg6 Ne1 41. Qe8+ {[%mdl 64] Double Attack} ({And not} 41. Nd4 c5 $15) 41... Bf8 42. Ng5 {White threatens Qf7+ and mate.} Nf3+ 43. Nxf3 {[%mdl 64] Overworked Piece} Bxf3 44. Qxe6+ Kh8 45. Qf5 Be2 46. Qxf8+ Kh7 47. Qf5+ Kh8 48. Qh3 Re1 49. Qc8+ Kh7 50. Qf5+ Kh8 51. e6 {White wants to mate with e7.} Bxf1 52. Kh2 Bc4 {[#]} 53. e7 $1 {Accuracy: White = 42%, Black = 47%.} 1-0